| 000 | 00507nam a22001817a 4500 | ||
|---|---|---|---|
| 003 | 0 | ||
| 005 | 20240503105308.0 | ||
| 008 | 240503b xxu||||| |||| 00| 0 eng d | ||
| 020 | _a978-0-72328-173-3 | ||
| 050 |
_aER _bLa158 2014 |
||
| 082 |
_aER _bLa158 2014 |
||
| 245 | _aLadybird tales : puss in boots | ||
| 260 |
_aLondon _bLadybird Books Ltd. _c2014 |
||
| 300 |
_a42 pages ; _bcolored illustrations ; _c20cm. |
||
| 650 | _aCat--Juvenile Fictions. | ||
| 650 | _aChildrens stories. | ||
| 942 |
_2ddc _cBK |
||
| 999 |
_c365970 _d365970 |
||